Catalog

Record Details

Catalog Search



Theologie für Nichttheologen : ABC protestantischen Denkens Cover Image Book Book

Theologie für Nichttheologen : ABC protestantischen Denkens Herausgegeben von Hans Jürgen Schultz

Schultz, Hans J. (Author).

Record details

  • Physical Description: 449 s.
  • Publisher: Stuttgart Evangelische Buchgemeinde 1966

Available copies

  • 1 of 1 copy available at Common Catalog SPOK.

Holds

  • 0 current holds with 1 total copy.
Show Only Available Copies
Location Call Number / Copy Notes Barcode Shelving Location Status Due Date
ETS Library 230.044 424470009097 Volný výběr Available -

LDR 00667nam a2 00229
00132767
003CZ-PrJAB
00520031215000000.0
008010319s1966 xr e |||| |ger
009ge
035 . ‡a(CONS)9203
035 . ‡aKPS8321
040 . ‡aABG450
041 . ‡ager
08214. ‡a230.044
100 . ‡72640 ‡aSchultz, Hans J.
245 . ‡aTheologie für Nichttheologen : ‡bABC protestantischen Denkens ‡cHerausgegeben von Hans Jürgen Schultz
260 . ‡aStuttgart ‡bEvangelische Buchgemeinde ‡c1966
300 . ‡a449 s.
653 . ‡aTheologie für Nichttheologen
8524 . ‡bETS ‡bETS ‡cVolný výběr ‡j230.044 ‡gA ‡p424470009097
910 . ‡aABG450
999 . ‡a9203 ‡bAUTOGEN ‡c9203 ‡tbiblio
905 . ‡uadmin
901 . ‡a32767 ‡b ‡c32767 ‡tbiblio ‡sets

Additional Resources